|
|
|
|
| LEADER |
00000nab#a22000007a#4500 |
| 001 |
arbauad019803 |
| 003 |
AR-BaUAD |
| 005 |
20250711111724.0 |
| 008 |
960527|||||||||###||||||b###|0###a|spa|| |
| 040 |
|
|
|a AR-BaUAD
|c AR-BaUAD
|b spa
|
| 245 |
1 |
0 |
|a Alcoy Community Hall, Plaza de España
|
| 300 |
0 |
|
|b cortes, detalles, fot., plantas
|
| 653 |
|
|
|a CALATRAVA, SANTIAGO
|
| 653 |
|
|
|a REMODELACION
|
| 653 |
|
|
|a PLAZA DE ESPAÑA
|
| 653 |
|
|
|a ESTRUCTURAS
|
| 653 |
|
|
|a ALCOY
|
| 653 |
|
|
|a ESPAÑA
|
| 773 |
0 |
|
|t A+U
|g no. 305 [feb. 1996], p. 68-77
|
| 942 |
|
|
|c ARTI
|
| 952 |
|
|
|0 0
|1 0
|4 0
|7 0
|9 64722
|a AR-BAuAD
|b AR-BAuAD
|d 2025-07-11
|l 0
|p AAQA019803
|r 2025-07-11 11:17:24
|w 2025-07-11
|y ARTI
|
| 990 |
|
|
|a AQ199
|b TD
|
| 998 |
|
|
|a AAQ
|b BIBUN76
|
| 999 |
|
|
|c 44395
|d 44395
|